PSG - Premier 11 de Christophe Galtier - Statistiques

Statistiques générales
  • Ce quiz a été pris 63 fois
  • Le résultat moyen est 17 sur 21
Statistiques - réponses
Poste occupé Nationalité Réponse % Correct
Piston droit Maroc Achraf Hakimi
98%
Milieu central Portugal Vitinha
98%
Remplaçant (gardien) Costa Rica Keylor Navas
96%
Défenseur central Brésil Marquinhos
96%
Ailier Gauche Brésil Neymar
96%
Piston gauche Portugal Nuno Mendes
96%
Défenseur central France Presnel Kimpembe
96%
Gardien Italie Gianluigi Donnarumma
93%
Remplaçant (milieu défensif) Sénégal Idrissa Gueye
91%
Attaquant Argentine Lionel Messi
91%
Milieu central Italie Marco Verratti
91%
Entraineur France Christophe Galtier
84%
Défenseur central Espagne Sergio Ramos
84%
Remplaçant (défenseur central) Sénégal Abdou Diallo
72%
Remplaçant (latéral gauche) Espagne Juan Bernat
70%
Remplaçant (milieu central) Argentine Leandro Paredes
70%
Remplaçant (attaquant) Argentine Mauro Icardi
68%
Ailier Droit Espagne Pablo Sarabia
68%
Remplaçant (milieu défensif) Portugal Danilo Pereira
67%
Remplaçant (attaquant) France Arnaud Kalimuendo
18%
Remplaçant (défenseur) France Nordi Mukiele
12%
Aucun quiz correspondant
Distribution des résultats
% des personnes avec chaque résultat
Percentile par nombre de réponses
Votre historique - résultats
Vous n’avez pas pris ce quiz